Sanat - "Syksylaulu" - Statistics

Yleistilastot
  • Tätä visaa on pelattu 9 kertaa
  • Keskiarvotulos 14 / 39
Vastaustilastot
Vastaus % Oikein
syksy
100%
ja
86%
jo
86%
jo
86%
Illan
57%
taivas
57%
tummenee
57%
tuuli
57%
hiipii
43%
nyt
43%
nyt
43%
vain
43%
aatoksihin
29%
entää
29%
Järvet
29%
Kaikki
29%
kesän
29%
kohisee
29%
kolkko
29%
lehdon
29%
lentää
29%
lintuset
29%
maille
29%
maille
29%
mennehet
29%
muille
29%
pienet
29%
puita
29%
riemut
29%
riipiii
29%
sinihohtoiset
29%
alle
14%
heittyy
14%
jäihin
14%
kohta
14%
lasten
14%
leikkitanteret
14%
lumen
14%
peittyy
14%
Ehtoja vastaavia visoja ei löytynyt
Tulosjakauma
Jokaisen tuloksen saaneiden osuus
Persentiili vastausten määrän mukaan
Tuloshistoriasi
Et ole pelannut tätä visaa